|
|
|
|
| LEADER |
00000nam0a2200000 4500 |
| 001 |
135086 |
| 005 |
20231031135937.0 |
| 010 |
|
|
|a 5080011181
|
| 020 |
|
|
|a RU
|b 88-11498
|
| 035 |
|
|
|a (RuTPU)RU\TPU\book\146413
|
| 090 |
|
|
|a 135086
|
| 100 |
|
|
|a 20080407d1988 d y0rusy5003 ca
|
| 101 |
0 |
|
|a rus
|
| 102 |
|
|
|a RU
|
| 105 |
|
|
|a a z 000ay
|
| 200 |
1 |
|
|a Чудесный источник
|e Повести
|e Для среднего и старшего школьного возраста
|f Е. Н. Герасимов
|g худож. С. Бойко
|
| 210 |
|
|
|a Москва
|c Детская литература
|d 1988
|
| 215 |
|
|
|a 173,[2] с.
|c ил.
|d 21 см
|
| 327 |
1 |
|
|a Содерж.: В родном лесу; Чудесный источник: Рассказ ветерана
|
| 610 |
1 |
|
|a Великая Отечественная война 1941-1945 гг.
|
| 610 |
1 |
|
|a детская литература
|
| 675 |
|
|
|a Р2
|z rus
|
| 700 |
|
1 |
|a Герасимов
|b Е. Н.
|g Евгений Николаевич
|4 070
|
| 702 |
|
1 |
|a Бойко
|b С.
|4 440
|
| 801 |
|
0 |
|a RU
|b RuMRKP
|c 19950417
|g psbo
|
| 801 |
|
1 |
|a RU
|b 63413507
|c 20080407
|g PSBO
|
| 801 |
|
2 |
|a RU
|b 63413507
|c 20080407
|g PSBO
|
| 942 |
|
|
|c BK
|